00407nam a22001337a 450000500170000000800410001704100130005808200120007110000120008324500380009526000870013330000280022065000250024820240820082607.0240820b |||||||| |||| 00| 0 eng d aEnglish  a349 LAW lEnglish aThe Law Reports: Family Division  aLondon: bThe Incorporated Council of Law Reporting for England and Wales, c1983  bxi, 80 pages; c25 cm.  aLegal practice bLaw